Responses for Show #870 - Friday, May 20, 1988

1988 Senior Tournament final game 2.

Contestants

[<< previous game]

Peggy Kennedy, a forensic toxicologist from Menands, New York (subtotal of $11,400)

Joan Erickson, a writer and professional dog walker from Glen Mills, Pennsylvania (subtotal of $7,000)

Louise Reyburn Dice, a farmer and writer from Taos, New Mexico (subtotal of $4,700)

[next game >>]

Jeopardy! Round responses

ZOOLOGY
1958
ODD JOBS
WINE QUOTES
BORN IN INDIA
AWARDS
    $100 5
upside down

Joan
    $100 26
Hula Hoop

Peggy
    $100 4
detective

Peggy
    $100 22
Omar Khayyam

Peggy
    $100 21
(Engelbert) Humperdinck

Joan
    $100 30
Hallmark

Peggy
    $200 7
penguins

Joan
    $200 27
Bobby Fischer

Joan
    $200 6
mark them with an X (notch them)

Peggy
    $200 16
(Peggy: [*], what are [*]?)

"Days Of Wine And Roses"

Peggy
    $200 20
Kipling

Peggy
    $200 29
(Peggy: Who is Mr. Ed?)
(Louise: [hand to head] ...It's gone, um...)

Francis the Talking Mule

LouisePeggy
Triple Stumper
    $300 10
cockroach

Louise
    $300 24
Pope John XXIII

Louise
    $300 8
shoes

Joan
    $300 15
Disraeli

Peggy
    $300 1
Vivien Leigh

Louise
    $300 11
Milton Berle

Louise
    $400 13
orangutan

Louise
    $400 25
Look Homeward Angel (or Look Back in Anger)

Joan
    $400 9
blood

Peggy
    $400 19
(Peggy: What is whiskey?)

brandy

JoanPeggy
    $400 2
Zubin Mehta

Louise
    $400 14
(Alex: Correct, it's a fashion award.)

Bill Blass

Louise
    $500 17
retina

Louise
    $500 28
Quemoy & Matsu

Louise
    $500 23
(Alex: Minute to go.)

cricket

Louise
    $500 18
drink to me only with thine eyes

Peggy
    $500 3
Sabu

Joan
    $500 12
United States

Peggy

Scores at the first commercial break (after clue 13):

Louise Joan Peggy
$1,700 $1,100 $1,200

Scores at the end of the Jeopardy! Round:

Louise Joan Peggy
$3,700 $2,200 $2,100

Double Jeopardy! Round responses

FRENCH HISTORY
U.S. STATES
SHAKESPEARE
THE MILITARY
COMPOSERS
VICE-PRESIDENTIAL LOSERS
    $200 7
Bourbons

Joan
    $200 24
Maine

Louise
    $200 5
Verona

Louise
    $200 20
USSR

Peggy
    $200 9
Edward Elgar

Louise
    $200 17
Wendell Willkie

Louise
    $400 8
Charles de Gaulle

Peggy
    $400 25
Rhode Island (or Delaware)

Joan
    $400 4
The Taming of the Shrew

Joan
    $400 19
Royal Air Force

Peggy
    $400 10
Aaron Copland

Triple Stumper
    $400 6
(William) Miller

Joan
    $600 21
Hundred Years' War

Peggy
    $600 26
(Louise: What is Idaho?)

West Virginia

LouiseJoan
    $600 1
three witches in Macbeth

Peggy
    $600 18
French Foreign Legion

Peggy
    $600 11
(Antonín) Dvořák

Peggy
    $600 14
Adlai Stevenson

Triple Stumper
    $800 22
Gaul

Peggy
    $1,000 27
(Joan: Uh, what is Washington?)

Minnesota

Joan
    $800 2
The Tempest

Louise
    $800 29
brigadier

Peggy
    $800 12
Mussorgsky

Louise
    $3,000 15
Earl Warren

Louise
    $1000 23
(Joan: Oh, who was...Ingres?)

Jacques-Louis David

Joan
Triple Stumper
    $1000 28
Wiley Post & Will Rogers

Louise
    $1000 3
(Alex: From Richard III.)

Now is the winter of our discontent

Peggy
    $1000 30
Sandhurst

Louise
    $1000 13
(Gustav) Mahler

Louise
    $1000 16
Franklin Roosevelt

Louise

Scores at the end of the Double Jeopardy! Round:

Louise Joan Peggy
$12,500 $2,200 $8,100

[wagering suggestions for these scores]

Final Jeopardy! Round responses

19th CENTURY AMERICA
JoanWhat is Our American Cousin?
$800
PeggyWhat is "Our American Cousin"
$3,000
LouiseWhat is "Our American Cousin?"
$5,000
Our American Cousin

Final scores:

Louise Joan Peggy
$17,500 $3,000 $11,100

Cumulative scores:

Louise Joan Peggy
$22,200 $10,000 $22,500
1st runner-up: $22,200 2nd runner-up: $10,000 Tournament champion: $25,000

Game dynamics:

Coryat scores:

Louise Joan Peggy
$10,300 $3,200 $8,100
21 R
(including 1 DD),
2 W
13 R,
2 W
(including 1 DD)
21 R
(including 1 DD),
2 W

Combined Coryat: $21,600

[game clues] [game scores] [suggest correction]

Game tape date: 1988-03-02
The J! Archive is created by fans, for fans. Scraping, republication, monetization, and malicious use prohibited; this site may use cookies and collect identifying information. See terms. The Jeopardy! game show and all elements thereof, including but not limited to copyright and trademark thereto, are the property of Jeopardy Productions, Inc. and are protected under law. This website is not affiliated with, sponsored by, or operated by Jeopardy Productions, Inc. Join the discussion at JBoard.tv.